| 000 | 00604nas a2200217 i 4500 | ||
|---|---|---|---|
| 001 | 1372 | ||
| 003 | ES-MaACL | ||
| 005 | 20250903011151.0 | ||
| 007 | t| | ||
| 008 | 950801d19451947sp | | 1 ||pa d | ||
| 022 | _a2478-9542 | ||
| 245 | 0 | 0 |
_aLiceo _b: revista de matemáticas elementales. |
| 260 |
_aMadrid : _b[Imp. Nuevas Gráficas], _c1945-1947. |
||
| 300 |
_a1 v. ; _c21 cm. |
||
| 310 | _aMensual | ||
| 362 | 0 | _aAño I (oct. 1945)-año III (ene. 1947) | |
| 650 | 1 | 7 |
_aMatemáticas _2embne _914814 |
| 852 |
_aES-MaACL _jHem-707 |
||
| 866 | 0 | _o1945-1946(1947) | |
| 999 |
_c1372 _d1372 |
||